| 000 | 00000nas##2200000za#4500 |
| 001 | 9.504922 |
| 003 | CaOODSP |
| 005 | 20200325083721 |
| 007 | cr ||||||||||| |
| 008 | 150406c1998||||xxc|| m o||||f| |0eng|d |
| 040 | |aCaOODSP|beng |
| 043 | |an-cn--- |
| 086 | 1 |aYM32-6E-PDF |
| 245 | 00|a[Modular backgrounders] |h[electronic resource] |
| 246 | 1 |iSeries title also given on publication as : |aInfoseries |
| 260 | |aOttawa - Ontario : |bLibrary of Parliament. |cOctober 1998--. |
| 362 | 1 |aPRB 98-1E-- |
| 520 | 3 |aLonger studies composed of stand-alone sections (modules) each of which provides a brief treatment of one aspect of a subject but also integrates with sections studying different aspects. Multi-disciplinary Modular Backgrounders will feature several authors, providing legal, economic, scientific, social science/policy perspectives on a major issue |
| 710 | 1 |aCanada.|bLibrary of Parliament. |bParliamentary Research Branch. |
| 775 | 08|t[Les études générales modulaires] |w(CaOODSP)9.501321 |